Most Used Country/Dependency Flag Emojis - Statistics

General Stats
  • This quiz has been taken 26 times
  • The average score is 23 of 30
Answer Stats
Flag Emoji % Correct
๐Ÿ‡จ๐Ÿ‡ฆ
100%
๐Ÿ‡ฒ๐Ÿ‡ฝ
100%
๐Ÿ‡ง๐Ÿ‡ท
95%
๐Ÿ‡ฎ๐Ÿ‡น
95%
๐Ÿ‡ฏ๐Ÿ‡ต
95%
๐Ÿ‡ซ๐Ÿ‡ท
95%
๐Ÿ‡บ๐Ÿ‡ธ
90%
๐Ÿ‡ฎ๐Ÿ‡ณ
90%
๐Ÿ‡ฌ๐Ÿ‡ง
90%
๐Ÿ‡ฆ๐Ÿ‡ท
90%
๐Ÿ‡ฉ๐Ÿ‡ช
90%
๐Ÿ‡จ๐Ÿ‡ณ
86%
๐Ÿ‡ช๐Ÿ‡ธ
86%
๐Ÿ‡ฎ๐Ÿ‡ฑ
86%
๐Ÿ‡ฐ๐Ÿ‡ท
81%
๐Ÿ‡ช๐Ÿ‡ฌ
81%
๐Ÿ‡จ๐Ÿ‡ฑ
81%
๐Ÿ‡ฎ๐Ÿ‡ฉ
81%
๐Ÿ‡จ๐Ÿ‡ด
76%
๐Ÿ‡ฆ๐Ÿ‡บ
76%
๐Ÿ‡ต๐Ÿ‡ฐ
76%
๐Ÿ‡ต๐Ÿ‡ช
76%
๐Ÿ‡น๐Ÿ‡ท
71%
๐Ÿ‡ธ๐Ÿ‡ฆ
71%
๐Ÿ‡ต๐Ÿ‡ญ
57%
๐Ÿ‡ฆ๐Ÿ‡ช
52%
๐Ÿ‡ป๐Ÿ‡ช
52%
๐Ÿ‡ต๐Ÿ‡ธ
43%
๐Ÿ‡ต๐Ÿ‡ท
38%
๐Ÿ‡บ๐Ÿ‡ฒ
14%
No matching quizzes found
Score Distribution
Percent of People with Each Score
Percentile by Number Answered
Your Score History
You have not taken this quiz